000 01165nam a2200337 i 4500
003 EG-GICUC
005 20260208145220.0
008 260208s1973 fr ||fr|||| 001 0 fre d
020 _a2247004490
040 _aEG-GiCUC
_bita
_cEG-GiCUC
_dEG-GiCUC
_eRda
041 0 _aita
082 0 4 _221
_a341.84
_bFO . C
092 0 4 _221
099 _aLaw1 12 341.84 FO . C 1973
100 1 _aForget, Louis
_eAuteur
245 1 4 _aLes Conflits De Lois En Matière D'accidents De La Circulation Routière /
_cPar Louis Forget; Préface De Yvon Loussouarn.
264 1 _aParis :
_bLibrairie Dalloz,
_c1973.
300 _a236 page,
_c24 cm.
336 _2rda contenu
_a texte
337 _2rda medias
_aOrdinateur
338 _2 transporteur rda
_a Ressource en ligne
490 _aBibliothèque De Droit International Privé
_vVolume Xv
504 _aComprend des références bibliographiques et un index.
546 _aTexte en français
650 1 4 _aDroit international privé
_2
651 1 _2
700 1 _aLoussouarn, Yvon
_ePréfacier
856 4 0 _uhttps://fll.law.cu.edu.eg/fulltext/bks/B12-02197.pdf
905 _a48
942 _2ddc
_cBK
_e21
_n0
999 _c61675
_d61675